01280cam a2200313 i 4500003000900000005001700009007000300026008004100029020001800070040003000088082001200118100003700130245006800167246007500235264006800310300002600378336002700404337003400431338002800465490001200493500007600505590002700581700004500608910001400653942001400667952013100681952013700812999001700949DO-SdBNP20231011153051.0ta751003s2018 sp 001 f spa d a9788499928289 aDO-SdBNPbspacBNPHUerda 4bE212221 aEdelstein, José 984457d1968-10aEinstein para perplejos /cJosé Edelstein, Andrés Gomberoff1 aEinstein para perplejos :bmateria, energía, luz, espacio y tiempo / 1a[Barcelona], España :bPenguin Random House, bDebate,c2018. a281 páginasc23 cm. 2rdacontentatextobtxt 2rdamediaasin mediación bn 2rdacarrieravolumenbnc1 aCiencia aIncluye datos biografícos de los autores en la solapa de la portada.  aInventariado, 2023/ YL1 aGomberoff, Andréseautor984436d1969- aYlockward 2ddccLBS1 00102ddc56708GRaBNPHUbBNPHUcCTd2019-02-02eLibrería Cuestal0oBNPHU GR E21p2023-6875r2023-10-11w2023-10-11yLBS1 00102ddc56708GRaBNPHUbBNPHUcCTd2019-02-02eLibrería Cuestal0oBNPHU GR E21p2023-6876r2023-10-11te. 2w2023-10-11yLBS1 c55155d55155